[Event "First Lady's Cup"]
[Site "Jakarta INA"]
[Date "1983.11.??"]
[Round "4"]
[White "Adorjan, Andras"]
[Black "Lobron, Eric"]
[Result "1/2-1/2"]
[WhiteElo "2535"]
[BlackElo "2480"]
[EventDate "1983.11.13"]
[PlyCount "164"]

1.c4 e6 2.Nc3 d5 3.d4 c5 4.cxd5 exd5 5.Nf3 Nc6 6.g3 Nf6 7.Bg2 Be7 8.O-O 
O-O 9.Bg5 cxd4 10.Nxd4 h6 11.Be3 Re8 12.Rc1 Bf8 13.Nxc6 bxc6 14.Bd4 Nh7 
15.Na4 Bg4 16.Re1 Qd7 17.Bc5 Ng5 18.Bxf8 Kxf8 19.Qc2 Kg8 20.Nc5 Qe7 21.Nd3
Bf5 22.Qc5 Bxd3 23.Qxe7 Rxe7 24.exd3 Rxe1+ 25.Rxe1 Rb8 26.Rc1 Rb6 27.b3 
Ne6 28.Rc2 Nd4 29.Rd2 Kf8 30.f4 Ke7 31.Kf2 Kd6 32.Ke3 Nf5+ 33.Kf2 Nd4 34.
Ke3 c5 35.g4 Rb8 36.h4 h5 37.gxh5 Re8+ 38.Kf2 Rh8 39.Bf3 Nf5 40.Bg4 Nd4 
41.Rd1 f5 42.Bf3 Nxf3 43.Kxf3 Rxh5 44.Rg1 Rxh4 45.Rg6+ Kc7 46.Rxg7+ Kb6 
47.Rg5 Rh3+ 48.Ke2 Rh2+ 49.Kf3 Rh3+ 50.Ke2 Rh2+ 51.Kf3 Rxa2 52.Rxf5 Kc6 
53.Rf8 Ra3 54.Rc8+ Kd6 55.Rd8+ Ke6 56.Re8+ Kd7 57.Ra8 Ke6 58.Re8+ Kd7 59.
Ra8 Rxb3 60.Rxa7+ Ke6 61.Ke2 Rb2+ 62.Kf3 Rb3 63.Ke2 Rb2+ 64.Kf3 Rd2 65.Ke3
Rh2 66.Ra5 d4+ 67.Kf3 Kd5 68.f5 Rh3+ 69.Ke2 Re3+ 70.Kd2 Rf3 71.Ra8 Rf2+ 
72.Kc1 Rxf5 73.Rc8 Rf2 74.Kd1 Rh2 75.Kc1 Ke5 76.Rxc5+ Kf4 77.Rc8 Ke3 78.
Rg8 Rf2 79.Rh8 Ke2 80.Rh4 Kxd3 81.Rh3+ Ke4 82.Kd1 Rf3 1/2-1/2

[Event "First Lady's Cup"]
[Site "Jakarta INA"]
[Date "1983.11.??"]
[Round "4"]
[White "Schmidt, Wlodzimierz"]
[Black "Tarjan, James Edward"]
[Result "1-0"]
[WhiteElo "2450"]
[BlackElo "2535"]
[EventDate "1983.11.13"]
[PlyCount "95"]

1.d4 Nf6 2.c4 g6 3.Nc3 Bg7 4.Nf3 d6 5.e4 O-O 6.Be2 e5 7.Be3 h6 8.h3 exd4 
9.Nxd4 Re8 10.Bf3 Nbd7 11.O-O Nh7 12.Qd2 Ng5 13.Bd1 Nb6 14.Qd3 Ne6 15.b3 
c6 16.Nxe6 Bxe6 17.Bd4 f6 18.Bc2 Qe7 19.Rad1 Rad8 20.Qg3 Bf7 21.f4 Kh8 22.
Kh1 Nc8 23.Rfe1 a6 24.a4 Qc7 25.Qh4 Qe7 26.a5 Rd7 27.Ne2 Kg8 28.Qg3 Qd8 
29.Bc3 Rde7 30.Nd4 Kh8 31.Nf3 Rd7 32.Nh2 Ne7 33.Nf3 Qc7 34.Qg4 Rdd8 35.Nh4
Rf8 36.Qg3 Rfe8 37.Nf3 Rg8 38.Qh4 Kh7 39.e5 dxe5 40.fxe5 Rxd1 41.Rxd1 Nf5 
42.Bxf5 gxf5 43.exf6 Bf8 44.Ne5 Be6 45.Qh5 Bb4 46.Rd7+ Bxd7 47.Qf7+ Kh8 
48.Ng6+ 1-0

[Event "First Lady's Cup"]
[Site "Jakarta INA"]
[Date "1983.11.??"]
[Round "4"]
[White "Romanishin, Oleg"]
[Black "Ardiansyah"]
[Result "1/2-1/2"]
[WhiteElo "2575"]
[BlackElo "2450"]
[EventDate "1983.11.13"]
[PlyCount "125"]

1.c4 e5 2.Nc3 Nf6 3.Nf3 Nc6 4.g3 g6 5.Bg2 Bg7 6.d4 e4 7.Ng5 h6 8.Ngxe4 
Nxe4 9.Bxe4 Nxd4 10.Be3 c5 11.Qd2 d6 12.O-O Qe7 13.Bg2 Be6 14.Bxd4 cxd4 
15.Nb5 Bxc4 16.Nxd4 O-O 17.Rfd1 Rac8 18.e3 Rfd8 19.Qb4 Rc5 20.Rd2 d5 21.
Qa4 Qc7 22.Qd1 a5 23.Rc2 b6 24.a3 a4 25.Rac1 Qd7 26.h4 Rdc8 27.Kh2 Ba6 28.
Bh3 f5 29.h5 Bxd4 30.exd4 Rxc2 31.Rxc2 g5 32.Rxc8+ Bxc8 33.Bg2 Qf7 34.Kg1 
Bd7 35.Qf3 Be6 36.Qe2 f4 37.Qe5 Kh7 38.Bf1 Bf5 39.Bg2 Be6 40.gxf4 gxf4 41.
f3 Bd7 42.Kf2 Be8 43.Bf1 Qxh5 44.Qxf4 Qg6 45.Qc7+ Kg8 46.Qd8 Qc6 47.Bd3 
Kg7 48.Qe7+ Bf7 49.Qe5+ Kf8 50.Qb8+ Kg7 51.Qe5+ Kf8 52.Qf4 Kg7 53.Qg3+ Kf8
54.Qf4 Kg8 55.Ke2 Kf8 56.Kd2 h5 57.Qg5 b5 58.Qd8+ Kg7 59.Qg5+ Kf8 60.f4 
Qb6 61.Ke3 b4 62.f5 bxa3 63.bxa3 1/2-1/2

[Event "First Lady's Cup"]
[Site "Jakarta INA"]
[Date "1983.11.??"]
[Round "4"]
[White "Henley, Ronald Watson"]
[Black "Utut Adianto"]
[Result "0-1"]
[WhiteElo "2525"]
[BlackElo "2385"]
[EventDate "1983.11.13"]
[PlyCount "92"]

1.d4 Nf6 2.c4 e6 3.Nf3 b6 4.Nc3 Bb4 5.Qb3 a5 6.e3 Bb7 7.Bd3 O-O 8.O-O Bxc3
9.Qxc3 Ne4 10.Qc2 f5 11.Nd2 Nxd2 12.Bxd2 Nc6 13.a3 Qh4 14.f4 Rf6 15.Be1 
Qh6 16.d5 Ne7 17.Bc3 Rf7 18.dxe6 dxe6 19.b4 g5 20.bxa5 bxa5 21.Rab1 Bc6 
22.Qf2 Qg6 23.Rb2 h5 24.Rfb1 Rff8 25.Qg3 Rfd8 26.Rd1 Rd7 27.Be2 Rxd1+ 28.
Bxd1 g4 29.Qe1 Nc8 30.c5 a4 31.Be5 Qf7 32.Be2 Ne7 33.Bxc7 Nd5 34.Be5 Nxe3 
35.Bd3 Nxg2 36.Rxg2 Bxg2 37.Kxg2 Qb7+ 38.Kg1 Qd5 39.Qe3 Rd8 40.Bf1 h4 41.
Bf6 Rc8 42.Be7 Kf7 43.Bd6 h3 44.Kf2 Rg8 45.Qd3 g3+ 46.Kg1 Qa2 0-1

[Event "First Lady's Cup"]
[Site "Jakarta INA"]
[Date "1983.11.??"]
[Round "4"]
[White "Andersson, Ulf"]
[Black "Gunawan, Ronny"]
[Result "1/2-1/2"]
[WhiteElo "2640"]
[BlackElo "2400"]
[EventDate "1983.11.13"]
[PlyCount "83"]

1.Nf3 Nf6 2.c4 g6 3.Nc3 Bg7 4.e4 d6 5.d4 O-O 6.Be2 e5 7.dxe5 dxe5 8.Qxd8 
Rxd8 9.Bg5 Re8 10.Nd5 Nxd5 11.cxd5 c6 12.Bc4 cxd5 13.Bxd5 Nc6 14.O-O-O Nb4
15.Bb3 Be6 16.Bxe6 Rxe6 17.Kb1 Na6 18.Rd5 h6 19.Be3 b6 20.Rhd1 Rae8 21.Rd7
R6e7 22.Rxe7 Rxe7 23.Rd8+ Kh7 24.Nd2 Bf6 25.Nf3 Nb4 26.Rd6 Bg7 27.a3 Na6 
28.Ne1 Nb8 29.Nd3 Rd7 30.Rxd7 Nxd7 31.Kc2 f5 32.f3 Kg8 33.Kc3 Kf7 34.Kc4 
a6 35.exf5 gxf5 36.Kd5 e4 37.fxe4 Nf6+ 38.Kc6 Ng4 39.Bxb6 fxe4 40.Nf2 Nxf2
41.Bxf2 Bxb2 42.Be3 1/2-1/2

[Event "First Lady's Cup"]
[Site "Jakarta INA"]
[Date "1983.11.??"]
[Round "5"]
[White "Gunawan, Ronny"]
[Black "Schmidt, Wlodzimierz"]
[Result "1/2-1/2"]
[WhiteElo "2400"]
[BlackElo "2450"]
[EventDate "1983.11.13"]
[PlyCount "61"]

1.d4 Nf6 2.c4 c5 3.d5 d6 4.Nc3 g6 5.e4 Bg7 6.f3 O-O 7.Be3 e6 8.dxe6 Bxe6 
9.Qd2 Nc6 10.Rd1 Qa5 11.a3 Nd7 12.Rc1 Nd4 13.Nd5 Qxd2+ 14.Bxd2 Bxd5 15.
cxd5 f5 16.exf5 Rae8+ 17.Kd1 Nxf5 18.Bb5 Rf7 19.Nh3 Bxb2 20.Rb1 Bf6 21.Ba4
Ne3+ 22.Kc1 Nxd5 23.Rxb7 N5b6 24.Bb5 a6 25.Bxa6 Ra8 26.Bb5 Rxa3 27.Re1 
Ra1+ 28.Kc2 Ra2+ 29.Kc1 Ra1+ 30.Kc2 Ra2+ 31.Kc1 1/2-1/2

[Event "First Lady's Cup"]
[Site "Jakarta INA"]
[Date "1983.11.??"]
[Round "5"]
[White "Tarjan, James Edward"]
[Black "Henley, Ronald Watson"]
[Result "1/2-1/2"]
[WhiteElo "2535"]
[BlackElo "2525"]
[EventDate "1983.11.13"]
[PlyCount "45"]

1.d4 Nf6 2.c4 e6 3.Nf3 d5 4.Bg5 c6 5.e3 Nbd7 6.Nc3 Qa5 7.Nd2 dxc4 8.Bxf6 
Nxf6 9.Nxc4 Qc7 10.Rc1 Bd7 11.Bd3 c5 12.O-O cxd4 13.exd4 Bd6 14.g3 O-O 15.
Ne4 Nxe4 16.Bxe4 Rad8 17.Qb3 Bc6 18.Bxc6 Qxc6 19.Nxd6 Qxd6 20.Qxb7 Qxd4 
21.Rc7 a5 22.Rfc1 g6 23.R7c4 1/2-1/2

[Event "First Lady's Cup"]
[Site "Jakarta INA"]
[Date "1983.11.??"]
[Round "5"]
[White "Ardiansyah"]
[Black "Miolo, Ediwan Ermansyah"]
[Result "1-0"]
[WhiteElo "2450"]
[BlackElo "2405"]
[EventDate "1983.11.13"]
[PlyCount "35"]

1.d4 Nf6 2.c4 e6 3.Nf3 c5 4.d5 exd5 5.cxd5 d6 6.Nc3 g6 7.e4 Bg7 8.Be2 O-O 
9.Nd2 Na6 10.O-O Nc7 11.a4 Re8 12.f3 Rb8 13.Nc4 Bf8 14.Bg5 Be7 15.e5 Nfxd5
16.Bxe7 Qxe7 17.Nxd5 Nxd5 18.Qxd5 1-0

[Event "First Lady's Cup"]
[Site "Jakarta INA"]
[Date "1983.11.??"]
[Round "5"]
[White "Torre, Eugenio"]
[Black "Andersson, Ulf"]
[Result "1/2-1/2"]
[WhiteElo "2570"]
[BlackElo "2640"]
[EventDate "1983.11.13"]
[PlyCount "109"]

1.d4 Nf6 2.c4 e6 3.Nf3 Bb4+ 4.Bd2 Bxd2+ 5.Nbxd2 O-O 6.e4 d6 7.g3 c5 8.Bg2 
cxd4 9.Nxd4 Qb6 10.N4b3 a5 11.Rb1 Nc6 12.O-O Rd8 13.Qe2 a4 14.Nc1 Bd7 15.
h3 Be8 16.Kh2 Qa7 17.Nd3 Nd7 18.f4 Nc5 19.Nf3 Nxd3 20.Qxd3 Nb4 21.Qc3 Qc5 
22.a3 Nc6 23.Rfd1 Na5 24.Nd2 e5 25.Rbc1 Rdc8 26.Qd3 Ra6 27.Rc3 Rac6 28.
Rdc1 R6c7 29.Qe2 Qb6 30.R1c2 f6 31.h4 Bf7 32.Bh3 Re8 33.Bg4 Nc6 34.Nf3 Qc5
35.fxe5 Nxe5 36.Nxe5 Rxe5 37.Qd3 Kf8 38.Bf3 Ke7 39.Qd1 Be8 40.Rd2 Bc6 41.
Rd4 Rd7 42.Rcd3 Rd8 43.Rd2 g5 44.h5 g4 45.Bxg4 Bxe4 46.h6 f5 47.Bf3 Re6 
48.Bxe4 fxe4 49.Qg4 Qe5 50.Qh4+ Ke8 51.Kg2 Rd7 52.Rd5 Qf6 53.Qxf6 Rxf6 54.
c5 Rxh6 55.cxd6 1/2-1/2

[Event "First Lady's Cup"]
[Site "Jakarta INA"]
[Date "1983.11.??"]
[Round "5"]
[White "Lobron, Eric"]
[Black "Romanishin, Oleg"]
[Result "0-1"]
[WhiteElo "2480"]
[BlackElo "2575"]
[EventDate "1983.11.13"]
[PlyCount "130"]

1.e4 e5 2.Nf3 Nc6 3.Bb5 a6 4.Ba4 Nf6 5.O-O Be7 6.Re1 b5 7.Bb3 d6 8.c3 O-O 
9.h3 Na5 10.Bc2 c5 11.d4 Nd7 12.dxc5 dxc5 13.Nbd2 Bb7 14.Nf1 Nc4 15.Ng3 g6
16.b3 Nd6 17.Bh6 Re8 18.h4 Bf8 19.Qd2 Qe7 20.Rad1 Rad8 21.h5 Bxh6 22.Qxh6 
Nf8 23.Qe3 Nc8 24.Nf1 Nb6 25.Qh6 f6 26.hxg6 hxg6 27.a4 Bc8 28.Ne3 Rxd1 29.
Rxd1 Rd8 30.Rxd8 Qxd8 31.a5 Nbd7 32.Nh4 Qe8 33.Nhf5 gxf5 34.Nxf5 Ne6 35.
Bd1 Qf8 36.Qxf8+ Kxf8 37.Nd6 Nb8 38.Nxc8 Nc6 39.Bg4 Nc7 40.Nb6 Ke7 41.Nd7 
b4 42.cxb4 cxb4 43.Nc5 Nxa5 44.Nd3 Nxb3 45.Nxb4 Kd6 46.Bd1 Nd4 47.Kf1 a5 
48.Nd3 Nce6 49.Ke1 Nc5 50.Nb2 Kc6 51.Ba4+ Nxa4 52.Nxa4 Kb5 53.Nc3+ Kb4 54.
Kd2 a4 55.g3 a3 56.Na2+ Kb3 57.Nc1+ Kc4 58.Na2 Nf3+ 59.Kc2 Nd4+ 60.Kb1 Kd3
61.f4 exf4 62.gxf4 Kxe4 63.Nc3+ Kd3 64.Nd1 f5 65.Ka2 Nb5 0-1

[Event "First Lady's Cup"]
[Site "Jakarta INA"]
[Date "1983.11.??"]
[Round "6"]
[White "Radulov, Ivan"]
[Black "Ljubojevic, Ljubomir"]
[Result "0-1"]
[WhiteElo "2490"]
[BlackElo "2645"]
[EventDate "1983.11.13"]
[PlyCount "136"]

1.e4 c5 2.Nf3 d6 3.d4 cxd4 4.Nxd4 Nf6 5.Nc3 a6 6.f4 Nbd7 7.Qf3 g6 8.Be3 e5
9.Nb3 exf4 10.Bxf4 Ne5 11.Bxe5 dxe5 12.Bc4 Bg7 13.O-O O-O 14.Nd5 Nxd5 15.
Bxd5 Kh8 16.Rad1 Qc7 17.Qe2 f5 18.Qc4 Qxc4 19.Bxc4 b5 20.Bd5 Ra7 21.Nc5 
Rc7 22.Ne6 Bxe6 23.Bxe6 Rxc2 24.Rf2 Rxf2 25.Kxf2 fxe4+ 26.Ke2 Bh6 27.Rd7 
Bc1 28.Rc7 Bxb2 29.Rc8 Kg7 30.Rxf8 Kxf8 31.Bc8 a5 32.Bd7 b4 33.Ke3 Ke7 34.
Ba4 Kd6 35.Kxe4 Kc5 36.Kd3 Bd4 37.Be8 Bg1 38.h3 Bh2 39.Ba4 Bg3 40.Be8 g5 
41.Ba4 h5 42.Be8 h4 43.Ba4 Bf2 44.Be8 Bd4 45.Ba4 Kd5 46.Bb3+ Kc5 47.Ba4 
Bg1 48.Be8 Bh2 49.Ba4 Bf4 50.Be8 e4+ 51.Kxe4 Kc4 52.Bf7+ Kc3 53.Bb3 Bc7 
54.Ke3 Bd8 55.Ke2 Bb6 56.Kd1 Be3 57.Ke2 Bf4 58.Ba4 Kb2 59.Bb3 Ka3 60.Kd3 
a4 61.Be6 Kb2 62.Ke4 b3 63.axb3 a3 64.b4 a2 65.Bxa2 Kxa2 66.b5 Kb3 67.b6 
Kc2 68.Kf3 Kd2 0-1

[Event "First Lady's Cup"]
[Site "Jakarta INA"]
[Date "1983.11.??"]
[Round "6"]
[White "Kurajica, Bojan"]
[Black "Utut Adianto"]
[Result "1-0"]
[WhiteElo "2525"]
[BlackElo "2385"]
[EventDate "1983.11.13"]
[PlyCount "63"]

1.Nf3 Nf6 2.c4 e6 3.g3 c5 4.Bg2 Nc6 5.O-O d5 6.cxd5 exd5 7.d4 Be7 8.Nc3 
O-O 9.dxc5 Bxc5 10.Bg5 d4 11.Ne4 Be7 12.Bxf6 Bxf6 13.Rc1 Re8 14.Ne1 Rb8 
15.Nd3 Bf5 16.Nec5 Qb6 17.Qd2 Rbc8 18.Nf4 Bg5 19.h4 Bh6 20.a3 g6 21.b4 a5 
22.bxa5 Nxa5 23.Qb4 Qd6 24.Ne4 Qe5 25.Nd3 Qe6 26.Rxc8 Rxc8 27.Ndc5 Qc6 28.
Qxa5 b6 29.Qa6 Kg7 30.Nb3 Bxe4 31.Bxe4 Qxe4 32.Qxc8 1-0

[Event "First Lady's Cup"]
[Site "Jakarta INA"]
[Date "1983.11.??"]
[Round "6"]
[White "Schmidt, Wlodzimierz"]
[Black "Henley, Ronald Watson"]
[Result "0-1"]
[WhiteElo "2450"]
[BlackElo "2525"]
[EventDate "1983.11.13"]
[PlyCount "54"]

1.d4 Nf6 2.c4 e6 3.Nc3 d5 4.Nf3 c6 5.Bg5 dxc4 6.e4 b5 7.a4 Qb6 8.Qc2 Nbd7 
9.Be2 a5 10.O-O b4 11.Nd1 b3 12.Qb1 Ba6 13.Nc3 Bb4 14.Bd2 e5 15.dxe5 Ng4 
16.e6 fxe6 17.Ng5 Nxf2 18.Rxf2 Rf8 19.Bf3 Ne5 20.Be1 Nd3 21.Nxe6 Rf6 22.
Nxg7+ Kf7 23.Nh5 Rxf3 24.gxf3 Bc5 25.Kg2 Bxf2 26.Bd2 Rg8+ 27.Kh1 Be1 0-1

[Event "First Lady's Cup"]
[Site "Jakarta INA"]
[Date "1983.11.??"]
[Round "6"]
[White "Romanishin, Oleg"]
[Black "Portisch, Lajos"]
[Result "1/2-1/2"]
[WhiteElo "2575"]
[BlackElo "2600"]
[EventDate "1983.11.13"]
[PlyCount "66"]

1.d4 Nf6 2.c4 e6 3.Nf3 b6 4.a3 Bb7 5.Nc3 Ne4 6.Nxe4 Bxe4 7.e3 Be7 8.Bd3 d5
9.Qc2 Bxd3 10.Qxd3 O-O 11.Bd2 c5 12.dxc5 bxc5 13.Bc3 Nd7 14.cxd5 Nb6 15.d6
Qxd6 16.Qxd6 Bxd6 17.O-O-O Be7 18.Kc2 Rfc8 19.Nd2 Rc6 20.Nb3 c4 21.Nd4 Rc7
22.e4 Na4 23.Nb5 Rc5 24.Rd7 Rxb5 25.Rxe7 Nxc3 26.Kxc3 Rb3+ 27.Kc2 Rab8 28.
Rb1 c3 29.Re8+ Rxe8 30.Kxb3 cxb2 31.Rxb2 g5 32.Kc4 Rc8+ 33.Kd3 Rc6 1/2-1/2

[Event "First Lady's Cup"]
[Site "Jakarta INA"]
[Date "1983.11.??"]
[Round "6"]
[White "Timman, Jan"]
[Black "Ardiansyah"]
[Result "1-0"]
[WhiteElo "2605"]
[BlackElo "2450"]
[EventDate "1983.11.13"]
[PlyCount "51"]

1.d4 d5 2.c4 dxc4 3.Nf3 Nf6 4.e3 Bg4 5.Bxc4 e6 6.Nc3 a6 7.h3 Bh5 8.g4 Bg6 
9.Ne5 Nbd7 10.Nxg6 hxg6 11.Bf1 c5 12.Bg2 Qc7 13.g5 Nh5 14.Qf3 cxd4 15.exd4
Rb8 16.O-O Bd6 17.d5 O-O 18.dxe6 fxe6 19.Qe4 Kh7 20.Ne2 e5 21.Qh4 Rh8 22.
Be3 Kg8 23.Rac1 Nf4 24.Qg4 Rh4 25.Qxh4 Nxe2+ 26.Kh1 1-0

[Event "First Lady's Cup"]
[Site "Jakarta INA"]
[Date "1983.11.??"]
[Round "6"]
[White "Yusupov, Artur"]
[Black "Tarjan, James Edward"]
[Result "1/2-1/2"]
[WhiteElo "2555"]
[BlackElo "2535"]
[EventDate "1983.11.13"]
[PlyCount "62"]

1.d4 Nf6 2.c4 e6 3.Nc3 Bb4 4.Qc2 O-O 5.a3 Bxc3+ 6.Qxc3 b6 7.Nf3 Bb7 8.g3 
c5 9.dxc5 bxc5 10.Bg2 a5 11.O-O Qb6 12.Bf4 d5 13.e3 Nbd7 14.Rfd1 Ne4 15.
Qc2 Rfe8 16.Be5 Nxe5 17.Nxe5 Nf6 18.cxd5 Bxd5 19.Bxd5 exd5 20.Nd3 Rac8 21.
Rac1 c4 22.Nf4 Rc5 23.Rd2 h6 24.Rcd1 Re5 25.a4 g5 26.Ne2 Qe6 27.Kg2 h5 28.
Nd4 Qc8 29.Nf3 Rf5 30.Nd4 Re5 31.Nf3 Rf5 1/2-1/2

[Event "First Lady's Cup"]
[Site "Jakarta INA"]
[Date "1983.11.??"]
[Round "6"]
[White "Gunawan, Ronny"]
[Black "Torre, Eugenio"]
[Result "0-1"]
[WhiteElo "2400"]
[BlackElo "2570"]
[EventDate "1983.11.13"]
[PlyCount "78"]

1.d4 Nf6 2.c4 g6 3.Nc3 Bg7 4.e4 d6 5.f3 c5 6.dxc5 dxc5 7.Qxd8+ Kxd8 8.Be3 
Nfd7 9.Nge2 Nc6 10.O-O-O b6 11.Nd5 h6 12.f4 e6 13.Ndc3 Ke7 14.g3 Bb7 15.
Bg2 Na5 16.b3 Rhd8 17.Rd2 f5 18.Rg1 Nf6 19.h3 Nxe4 20.Bxe4 Bxe4 21.Nxe4 
fxe4 22.Rgd1 Nc6 23.g4 Rxd2 24.Rxd2 Rf8 25.Rd1 Bd4 26.Bxd4 cxd4 27.Nxd4 
Nxd4 28.Rxd4 Rxf4 29.Kd2 Rf3 30.Rxe4 Rxh3 31.c5 Rh2+ 32.Kd3 Rxa2 33.c6 Ra5
34.b4 Rd5+ 35.Ke3 Kd6 36.c7 Kxc7 37.Rxe6 Rd6 38.Re7+ Kc6 39.Re5 a6 0-1

[Event "First Lady's Cup"]
[Site "Jakarta INA"]
[Date "1983.11.??"]
[Round "6"]
[White "Miolo, Ediwan Ermansyah"]
[Black "Lobron, Eric"]
[Result "0-1"]
[WhiteElo "2405"]
[BlackElo "2480"]
[EventDate "1983.11.13"]
[PlyCount "178"]

1.e4 g6 2.d4 Bg7 3.Nc3 d6 4.g3 Nc6 5.d5 Ne5 6.h3 Nf6 7.Bg2 O-O 8.Nge2 c6 
9.O-O Bd7 10.b3 cxd5 11.exd5 Be8 12.Be3 Rc8 13.Bd4 Qa5 14.Kh2 a6 15.a4 Kh8
16.f4 Ned7 17.f5 Ng8 18.fxg6 hxg6 19.Ne4 Ngf6 20.Nf4 Kg8 21.c4 Nxe4 22.
Bxe4 Ne5 23.Bc2 Bd7 24.Rb1 Qc7 25.Bxe5 Bxe5 26.h4 Kg7 27.Qd3 f5 28.Qd2 Rf7
29.Kg2 Rh8 30.h5 g5 31.Ne6+ Bxe6 32.Qxg5+ Kf8 33.dxe6 Qc6+ 34.Kh3 Rg7 35.
Qxf5+ Ke8 36.Rf3 Rhg8 37.Rg1 Qc5 38.Rg2 Kd8 39.h6 Rh8 40.Qf8+ Rxf8 41.
Rxf8+ Kc7 42.hxg7 Bxg7 43.Rf5 Qe3 44.Rgf2 Qxe6 45.Kg2 Bd4 46.Rd2 Bc5 47.
Bd3 Qe3 48.Rd1 Qd4 49.Kh3 Qh8+ 50.Kg4 Qc3 51.Be4 Qe3 52.Bd3 Kb6 53.Rf3 
Qe6+ 54.Bf5 Qg8+ 55.Kh3 Qh8+ 56.Kg4 Qg7+ 57.Kh3 e6 58.Bd3 Qh8+ 59.Kg4 Ka5 
60.Re1 Qh6 61.Re2 Kb4 62.Bc2 b6 63.Bb1 Qg7+ 64.Kh3 Qh8+ 65.Kg4 Qd4+ 66.Kh3
Qd1 67.Bd3 e5 68.Kg2 Bd4 69.c5 bxc5 70.Bxa6 Qg1+ 71.Kh3 d5 72.Rh2 Qb1 73.
Bf1 Qg6 74.g4 Be3 75.Rf5 Bf4 76.Rh1 d4 77.Be2 Qc6 78.Rf1 Qe4 79.Bf3 Qc2 
80.Bg2 d3 81.Rf7 d2 82.Bf3 d1=Q 83.Rxf4+ Qd4 84.Rxd4+ cxd4 85.g5 Qf5+ 86.
Kh4 Qf4+ 87.Kh5 e4 88.g6 Qf5+ 89.Kh6 exf3 0-1

[Event "First Lady's Cup"]
[Site "Jakarta INA"]
[Date "1983.11.??"]
[Round "6"]
[White "Andersson, Ulf"]
[Black "Handoko, Edhi"]
[Result "1-0"]
[WhiteElo "2640"]
[BlackElo "2420"]
[EventDate "1983.11.13"]
[PlyCount "93"]

1.Nf3 d5 2.d4 c5 3.c4 e6 4.cxd5 exd5 5.g3 Nc6 6.Bg2 Nf6 7.O-O Be6 8.Nc3 h6
9.b3 Rc8 10.Bb2 Be7 11.dxc5 Bxc5 12.Rc1 O-O 13.Na4 Be7 14.e3 Qd7 15.Nd4 
Bg4 16.f3 Be6 17.Nc5 Bxc5 18.Rxc5 Nxd4 19.Qxd4 b6 20.Rxc8 Rxc8 21.g4 Rc2 
22.Rc1 Rxc1+ 23.Bxc1 Qc6 24.Qd2 Nd7 25.Bb2 Qc7 26.Qc3 Qxc3 27.Bxc3 Nc5 28.
Kf1 Nd3 29.Bd2 Bc8 30.Ke2 Ba6 31.Kd1 Ne5 32.Bc3 f6 33.h3 Bb7 34.Kd2 Kf7 
35.f4 Nd7 36.b4 Ke6 37.Kd3 Kd6 38.Kd4 b5 39.Be1 Nb8 40.Bg3 Nc6+ 41.Kc3 a6 
42.f5+ Ne5 43.Kd4 Bc6 44.Bf3 g6 45.fxg6 Be8 46.g7 Bf7 47.a3 1-0

[Event "First Lady's Cup"]
[Site "Jakarta INA"]
[Date "1983.11.??"]
[Round "7"]
[White "Handoko, Edhi"]
[Black "Gunawan, Ronny"]
[Result "0-1"]
[WhiteElo "2420"]
[BlackElo "2400"]
[EventDate "1983.11.13"]
[PlyCount "80"]

1.c4 Nf6 2.Nc3 g6 3.d4 Bg7 4.Nf3 O-O 5.g3 d6 6.Bg2 Nc6 7.O-O a6 8.h3 Rb8 
9.Bg5 h6 10.Be3 b5 11.cxb5 axb5 12.Qc1 Kh7 13.d5 Na5 14.Nd4 Bd7 15.f4 b4 
16.Nd1 e6 17.Nc6 Bxc6 18.dxc6 Nd5 19.Bf2 Qe8 20.f5 Qxc6 21.e4 Ne7 22.Qf4 
Be5 23.Qh4 g5 24.Qh5 Ng8 25.Ne3 Nf6 26.Qe2 Qb5 27.Qc2 c5 28.Bf3 Kh8 29.Kg2
b3 30.Qd1 Bxb2 31.axb3 Bxa1 32.Qxa1 e5 33.h4 gxh4 34.Rh1 Nxb3 35.Qd1 Nd4 
36.Rxh4 Kg7 37.Ng4 Qb3 38.Be3 Nxg4 39.Rxg4+ Kh7 40.Qd2 Qb2 0-1

[Event "First Lady's Cup"]
[Site "Jakarta INA"]
[Date "1983.11.??"]
[Round "7"]
[White "Lobron, Eric"]
[Black "Timman, Jan"]
[Result "0-1"]
[WhiteElo "2480"]
[BlackElo "2605"]
[EventDate "1983.11.13"]
[PlyCount "42"]

1.e4 e5 2.Nf3 Nc6 3.Bb5 a6 4.Ba4 Nf6 5.O-O Nxe4 6.d4 b5 7.Bb3 d5 8.dxe5 
Be6 9.Be3 Be7 10.c3 Nc5 11.Bc2 Bg4 12.Nbd2 Ne6 13.Qb1 Bh5 14.Re1 Bg6 15.
Nb3 Qd7 16.Nfd4 Nxe5 17.Nxe6 fxe6 18.Nc5 Qc6 19.Nxe6 Qxe6 20.Bd4 Bxc2 21.
Qxc2 Qg6 0-1

[Event "First Lady's Cup"]
[Site "Jakarta INA"]
[Date "1983.11.??"]
[Round "7"]
[White "Utut Adianto"]
[Black "Radulov, Ivan"]
[Result "1/2-1/2"]
[WhiteElo "2385"]
[BlackElo "2490"]
[EventDate "1983.11.13"]
[PlyCount "64"]

1.d4 d5 2.Nf3 Nf6 3.c4 dxc4 4.Nc3 c5 5.dxc5 Qxd1+ 6.Nxd1 e6 7.e3 Bxc5 8.
Bxc4 a6 9.a3 b5 10.Be2 Bb7 11.b4 Bd6 12.Bb2 Nbd7 13.O-O Ke7 14.Nc3 Rac8 
15.Rac1 Nb6 16.Nd2 Rhd8 17.Rfd1 g6 18.Nb3 Nfd7 19.Na5 Ba8 20.Bf3 Bxf3 21.
gxf3 Be5 22.f4 Bxc3 23.Bxc3 Nc4 24.Nb7 Rg8 25.Bd4 g5 26.fxg5 Rxg5+ 27.Kh1 
Rc6 28.Nc5 Rd5 29.e4 Rh5 30.Nxd7 Kxd7 31.Bc5+ Kc8 32.a4 e5 1/2-1/2

[Event "First Lady's Cup"]
[Site "Jakarta INA"]
[Date "1983.11.??"]
[Round "7"]
[White "Tarjan, James Edward"]
[Black "Kurajica, Bojan"]
[Result "1/2-1/2"]
[WhiteElo "2535"]
[BlackElo "2525"]
[EventDate "1983.11.13"]
[PlyCount "88"]

1.d4 Nf6 2.c4 e6 3.Nf3 Bb4+ 4.Nbd2 d6 5.g3 O-O 6.Bg2 Qe7 7.O-O Bxd2 8.Qxd2
e5 9.b3 e4 10.Ne1 d5 11.Nc2 Rd8 12.Ba3 Qe8 13.f3 exf3 14.exf3 Nc6 15.Rae1 
Qd7 16.f4 dxc4 17.d5 cxb3 18.axb3 h6 19.Ne3 a5 20.Bb2 Qd6 21.f5 b5 22.Rf4 
Ne5 23.Bxe5 Qxe5 24.Nc4 Qxe1+ 25.Qxe1 bxc4 26.Rxc4 Bb7 27.Rd4 Bxd5 28.Bxd5
Rxd5 29.Rxd5 Nxd5 30.Qe5 c6 31.Qd6 Ra6 32.Qa3 Rb6 33.Kf2 Nf6 34.Kf3 Rb5 
35.g4 h5 36.h3 hxg4+ 37.hxg4 Nd5 38.Kg3 Nf6 39.g5 Nd5 40.g6 fxg6 41.fxg6 
Rb4 42.Qa2 Ne7 43.Qc2 Rd4 44.Kh3 Rd6 1/2-1/2

[Event "First Lady's Cup"]
[Site "Jakarta INA"]
[Date "1983.11.??"]
[Round "7"]
[White "Torre, Eugenio"]
[Black "Schmidt, Wlodzimierz"]
[Result "1-0"]
[WhiteElo "2570"]
[BlackElo "2450"]
[EventDate "1983.11.13"]
[PlyCount "85"]

1.e4 c5 2.Nf3 e6 3.d4 cxd4 4.Nxd4 Nc6 5.Nc3 a6 6.Be2 d6 7.O-O Nf6 8.f4 Be7
9.Kh1 Qc7 10.Be3 O-O 11.Qe1 Bd7 12.Qg3 b5 13.e5 dxe5 14.fxe5 Nxe5 15.Rxf6 
Bxf6 16.Bf4 Bc6 17.Nxc6 Qxc6 18.Bxe5 Bxe5 19.Qxe5 Rad8 20.Bd3 Qd6 21.Re1 
Rfe8 22.Qxd6 Rxd6 23.Re4 f5 24.Rb4 g6 25.a4 bxa4 26.Rxa4 Rb8 27.Ra2 Rbb6 
28.Kg1 e5 29.Kf2 Rbc6 30.Ke3 e4 31.Be2 Kg7 32.Ra5 h5 33.g3 Kh6 34.h3 Kg7 
35.g4 hxg4 36.hxg4 Rf6 37.gxf5 gxf5 38.Kf4 Rfd6 39.Ke3 Rf6 40.Bf1 Kg6 41.
Kf4 Rb6 42.b3 Rbc6 43.Bc4 1-0

[Event "First Lady's Cup"]
[Site "Jakarta INA"]
[Date "1983.11.??"]
[Round "7"]
[White "Ardiansyah"]
[Black "Andersson, Ulf"]
[Result "1/2-1/2"]
[WhiteElo "2450"]
[BlackElo "2640"]
[EventDate "1983.11.13"]
[PlyCount "63"]

1.d4 Nf6 2.c4 e6 3.Nf3 Bb4+ 4.Bd2 Qe7 5.g3 Bxd2+ 6.Nbxd2 d6 7.Bg2 O-O 8.
O-O c5 9.e4 cxd4 10.Nxd4 a6 11.Rc1 Bd7 12.Nb1 Nc6 13.Nc3 Rab8 14.Re1 Rfc8 
15.b3 g6 16.Qd2 Kg7 17.h3 h5 18.Rcd1 Rd8 19.Re3 b5 20.Nd5 Nxd5 21.Nxc6 
Bxc6 22.exd5 Bd7 23.dxe6 Bxe6 24.Bd5 bxc4 25.bxc4 Qf6 26.Rf3 Qb2 27.Bxe6 
fxe6 28.Qg5 Qe2 29.Qf6+ Kh6 30.Qf4+ Kh7 31.Qf7+ Kh6 32.Qf4+ 1/2-1/2

[Event "First Lady's Cup"]
[Site "Jakarta INA"]
[Date "1983.11.??"]
[Round "7"]
[White "Kovacevic, Vladimir"]
[Black "Romanishin, Oleg"]
[Result "1/2-1/2"]
[WhiteElo "2540"]
[BlackElo "2575"]
[EventDate "1983.11.13"]
[PlyCount "160"]

1.d4 Nf6 2.Bg5 d6 3.c4 Nbd7 4.Nc3 h6 5.Bh4 g6 6.e3 Bg7 7.Bd3 e5 8.Nge2 O-O
9.Qc2 c6 10.O-O Re8 11.Rad1 Qe7 12.Qb1 g5 13.Bg3 e4 14.Bc2 Nb6 15.c5 dxc5 
16.dxc5 Qxc5 17.Bd6 Qc4 18.Ng3 Be6 19.Bb3 Qa6 20.Bxe6 Rxe6 21.Ncxe4 Nxe4 
22.Nxe4 Qb5 23.b3 Rae8 24.a4 Qf5 25.Nd2 Qxb1 26.Nxb1 Nd5 27.Bc5 a6 28.g4 
b6 29.Ba3 b5 30.axb5 axb5 31.Rd2 Ra8 32.Bc5 Ree8 33.Rc2 Ra6 34.Rfc1 Re6 
35.Nd2 Nf6 36.h3 Nd7 37.Nf3 Nxc5 38.Rxc5 Bf8 39.Rf5 c5 40.Ne5 Rf6 41.Rxf6 
Rxf6 42.Kg2 Ra6 43.Nd7 Ra3 44.Nxc5 Bxc5 45.Rxc5 Rxb3 46.h4 gxh4 47.Rh5 Kg7
48.Rxh4 Rb1 49.Rh5 Rb2 50.Kg3 Rb3 51.Rc5 Rb2 52.Rc7 Kg6 53.Rc6+ Kg7 54.Rb6
Rb4 55.f4 Re4 56.Kf3 Rb4 57.Rb8 Kg6 58.Rb7 Kf6 59.e4 Rb3+ 60.Kf2 Rb2+ 61.
Ke3 Kg7 62.e5 Rb3+ 63.Ke4 Rb4+ 64.Kf5 Kg8 65.Rb8+ Kg7 66.Rb6 Kh7 67.g5 
hxg5 68.Kxg5 Kg7 69.f5 Rb1 70.f6+ Kh7 71.Rb8 Rg1+ 72.Kf5 Rf1+ 73.Ke4 Re1+ 
74.Kd5 Rd1+ 75.Kc6 Kg6 76.Rxb5 Rd8 77.Rd5 Re8 78.Kd7 Re6 79.Kd8 Kf5 80.Ra5
Kg6 1/2-1/2

[Event "First Lady's Cup"]
[Site "Yogyakarta INA"]
[Date "1983.11.23"]
[Round "8"]
[White "Torre, Eugenio"]
[Black "Handoko, Edhi"]
[Result "0-1"]
[WhiteElo "2570"]
[BlackElo "2420"]
[EventDate "1983.11.13"]
[PlyCount "42"]

1.e4 e5 2.Nf3 Nf6 3.Nxe5 d6 4.Nf3 Nxe4 5.d4 d5 6.Bd3 Be7 7.O-O Bg4 8.Re1 
Nc6 9.c3 f5 10.Bb5 O-O 11.Bf4 Bd6 12.Bxd6 Qxd6 13.Qd3 Bxf3 14.Qxf3 Rf6 15.
Na3 Raf8 16.Bd3 Rh6 17.h3 Ng5 18.Qe3 f4 19.Qe2 f3 20.Qe3 Nxh3+ 21.gxh3 
Rxh3 0-1